| 000 | 00335nam a22001337a 4500 | ||
|---|---|---|---|
| 008 | 170329b xxu||||| |||| 00| 0 eng d | ||
| 020 | _a9780815186823 | ||
| 041 | _aeng | ||
| 080 |
_23 ED _a616-053.2 |
||
| 100 | _a8 | ||
| 101 | _aSHM | ||
| 245 |
_aPEDIATRIC PEARLS THE HAND BOOK PRACTICAL PEDIATRICS _cROSENSTEIN.B.J |
||
| 942 |
_2udc _cBK |
||
| 999 |
_c9013 _d9013 |
||